Guess the 1970s song lyrics #146 - Statistics

General Stats
  • This quiz has been taken 25 times
  • The average score is 110 of 206
Answer Stats
Answer % Correct
I
100%
a
90%
you
90%
You
90%
on
85%
the
85%
your
85%
dance
70%
do
70%
Do
70%
get
70%
it
70%
floor
65%
in
65%
let's
65%
Oh
65%
can
60%
to
60%
booty
50%
Don't
50%
don't
50%
down
50%
Shake
50%
shake
50%
well
50%
yeah
45%
You're
45%
Come
40%
now
40%
with
40%
very
35%
Ah
30%
everybody
30%
give
30%
tell
30%
best
20%
feeling
20%
world
20%
chance
15%
yourself
15%
feelings
10%
fight
10%
run
10%
duty
5%
sister
5%
home
0%
momma
0%
No matching quizzes found
Score Distribution
Percent of People with Each Score
Percentile by Number Answered
Your Score History
You have not taken this quiz